[Event "Druzynowe Mistrzostwa Polski - II liga"]
[Site "Dom Wczasowy VIS Jastrzebia Gora"]
[Date "1899-12-30"]
[Round "2.89"]
[White "Swider, Pawel"]
[Black "Strzelecki, Jerzy"]
[Result "1/2-1/2"]
[WhiteTitle "I++"]
[BlackTitle "k"]
[WhiteElo "1920"]
[BlackElo "1863"]

1. d4 Nf6 2. Nf3 e6 3. c4 b6 4. g3 Bb4+ 5. Bd2 Be7 6. Bg2 Bb7 7. Nc3 O-O 8. O-O
d5 9. b3 Nbd7 10. Bf4 Nh5 11. Bc1 Nhf6 12. Bb2 Bd6 13. Rc1 a6 14. e3 h6 15. Qe2
Qe7 16. Rfd1 Rfd8 17. Nd2 c5 18. f4 Rab8 19. Nf3 dxc4 20. bxc4 Ne4 21. Ne5 Nxc3
22. Bxc3 Bxe5 23. dxe5 Nf8 24. Kf1 Rxd1+ 25. Rxd1 Rd8 26. e4 Rxd1+ 27. Qxd1 Qd7
28. Qxd7 Nxd7 29. Ke2 b5 30. Ba5 Kf8 31. Bc7 Ke8 32. Kd3 Bc6 33. Bf3 g6 34. Kc3
f5 35. exf6 Nxf6 36. cxb5 axb5 37. Kd3 h5 38. Bb6 Nd7 39. Bc7 Ke7 40. Ke3 b4 41.
Be2 Nf6 42. Bd3 Ba4 43. h3 b3 44. axb3 Bxb3 45. Be5 Nd7 46. Bb2 Ba4 47. Ba3 Bc6
48. Kd2 Kf7 49. e5 Bg2 50. h4 Bd5 51. Kc3 c4 52. Bc2 Nb8 53. Ba4 Nc6 54. Bc1 Ne7
55. Be3 Nf5 56. Bf2 Ng7 57. Kd4 Nf5+ 58. Kc5 Ng7 59. Kd6 Nf5+ 60. Kd7 Ng7 61.
Kd8 Be4 62. Be1 Bd3 63. Bb5 Be2 64. Bc6 Bd3 65. Bb5 1/2-1/2

[Event "Druzynowe Mistrzostwa Polski - II liga"]
[Site "Dom Wczasowy VIS Jastrzebia Gora"]
[Date "1899-12-30"]
[Round "2.90"]
[White "Posuniak, Weronika"]
[Black "Hampel, Anna"]
[Result "1-0"]
[WhiteTitle "k"]
[BlackTitle "I++"]
[WhiteElo "1887"]
[BlackElo "1665"]

1. d4 d5 2. c4 e6 3. Nc3 Nf6 4. cxd5 exd5 5. Nf3 Be7 6. Bf4 c6 7. h3 Nbd7 8. e3
Ne4 9. Bd3 f5 10. Ne5 Nxe5 11. Bxe5 Bf6 12. Bxe4 fxe4 13. f4 Bxe5 14. Qh5+ g6
15. Qxe5+ Kf7 16. O-O Bf5 17. g4 Re8 18. gxf5 Rxe5 19. fxg6+ hxg6 20. fxe5+ Kg7
21. Rf4 Qg5+ 22. Kh2 Rh8 23. Raf1 Qe7 24. Ne2 Qe6 25. h4 g5 26. Rg1 Qe7 27. Rfg4
Kf8 28. Ng3 Rxh4+ 29. Rxh4 gxh4 30. Nf5 Qb4 31. e6 Qxb2+ 32. Rg2 Qxg2+ 33. Kxg2
b5 34. Nxh4 Ke7 35. Kf2 Kxe6 36. Ke2 Kd6 37. Kd2 c5 38. Nf5+ Ke6 39. Ng7+ Kd6
40. dxc5+ Kxc5 41. Kc3 a5 42. Ne6+ Kd6 43. Nd4 b4+ 44. Kb3 Kc5 45. Nc2 Kb5 46.
Nd4+ Kc5 47. Ka4 Kc4 48. Kxa5 b3 49. axb3+ Kd3 50. Nf5 d4 51. exd4 e3 52. Nxe3
1-0

[Event "Druzynowe Mistrzostwa Polski - II liga"]
[Site "Dom Wczasowy VIS Jastrzebia Gora"]
[Date "1899-12-30"]
[Round "2.91"]
[White "Osinski, Emil"]
[Black "Niekras, Dawid"]
[Result "0-1"]
[WhiteTitle "k"]
[BlackTitle "FM"]
[WhiteElo "2164"]
[BlackElo "2309"]

1. e4 c5 2. d4 cxd4 3. c3 dxc3 4. Nxc3 e6 5. Bc4 Nc6 6. Nf3 a6 7. a4 Nge7 8. O-O
Ng6 9. Qe2 Be7 10. Rd1 O-O 11. Be3 d6 12. Rac1 Nce5 13. Nxe5 Nxe5 14. Bb3 Bd7
15. f4 Ng6 16. Qf2 b5 17. Bb6 Qb8 18. a5 Rc8 19. g3 Qb7 20. Qd4 Bc6 21. h4 b4
22. Qxb4 d5 23. Qd4 dxe4 24. Ba2 Bf6 25. Qe3 Ne7 26. g4 h5 27. f5 exf5 28. g5
Be5 29. g6 Nxg6 30. Qg5 Nf4 31. Qxf5 Qe7 32. Nd5 Nxd5 33. Bxd5 Bd7 34. Rxc8+ Rxc8
35. Qxh5 Bxb2 36. Qxf7+ Qxf7 37. Bxf7+ Kxf7 38. Rxd7+ Ke6 39. Ra7 Rc6 40. Kf2
Kd5 41. Rd7+ Rd6 42. Ra7 g6 43. Ke3 Bc1+ 44. Ke2 Ba3 45. Rg7 Bb2 46. Rf7 Bd4 47.
Bc7 Rf6 48. Rd7+ Kc4 49. Bg3 Rf3 50. Be1 Re3+ 51. Kd2 Ra3 52. Rc7+ Bc5 53. Kd1
Ra1+ 54. Ke2 Ra2+ 55. Kd1 e3 56. Bc3 Rh2 57. Bf6 Kd3 58. Rd7+ Ke4 59. Bg5 e2+
60. Ke1 Bf2+ 0-1

[Event "Druzynowe Mistrzostwa Polski - II liga"]
[Site "Dom Wczasowy VIS Jastrzebia Gora"]
[Date "1899-12-30"]
[Round "2.92"]
[White "Zakrzewski, Marek"]
[Black "Bes, Michal"]
[Result "1-0"]
[WhiteTitle "FM"]
[BlackTitle "k"]
[WhiteElo "2275"]
[BlackElo "2091"]

1. c4 e5 2. g3 Nc6 3. Bg2 Bc5 4. Nc3 a6 5. e3 d6 6. Nge2 Ba7 7. Rb1 h5 8. h4 Bg4
9. b4 Rb8 10. d3 Nce7 11. a4 Nf6 12. Bd2 O-O 13. Nd5 Nfxd5 14. cxd5 c6 15. dxc6
bxc6 16. O-O Qd7 17. Kh2 Rb6 18. f3 Be6 19. e4 Rb7 20. Bc3 f6 21. d4 Bb8 22. f4
exf4 23. Nxf4 Bg4 24. Bf3 d5 25. e5 g6 26. Qe2 Bxf3 27. Rxf3 Kh7 28. Rbf1 fxe5
29. dxe5 Nf5 30. Nd3 Qd8 31. Rxf5 Rxf5 32. Rxf5 gxf5 33. Qxh5+ Kg8 34. Qxf5 d4
35. Bd2 Rf7 36. Qg6+ Rg7 37. Qxc6 Rc7 38. Qg6+ Kh8 39. Bg5 Rc2+ 40. Kg1 1-0

[Event "Druzynowe Mistrzostwa Polski - II liga"]
[Site "Dom Wczasowy VIS Jastrzebia Gora"]
[Date "1899-12-30"]
[Round "2.93"]
[White "Walentukiewicz, Michal"]
[Black "Bajerlein, Dawid"]
[Result "1/2-1/2"]
[WhiteTitle "CM"]
[BlackTitle "k+"]
[WhiteElo "2097"]
[BlackElo "2072"]

1. e4 c6 2. d4 d5 3. e5 Bf5 4. g4 Be4 5. f3 Bg6 6. Ne2 e6 7. h4 f6 8. h5 Bf7 9.
exf6 gxf6 10. c4 Bd6 11. cxd5 cxd5 12. Nbc3 Nc6 13. Be3 a6 14. Qd2 b5 15. Bg2
Qb6 16. O-O 1/2-1/2

[Event "Druzynowe Mistrzostwa Polski - II liga"]
[Site "Dom Wczasowy VIS Jastrzebia Gora"]
[Date "1899-12-30"]
[Round "2.94"]
[White "Bernat, Marcin"]
[Black "Bienias, Piotr"]
[Result "1/2-1/2"]
[WhiteTitle "k"]
[BlackTitle "I++"]
[WhiteElo "1905"]
[BlackElo "1957"]

1. d4 Nf6 2. c4 e5 3. dxe5 Ng4 4. e3 Nxe5 5. Nh3 d6 6. Nf4 c6 7. Be2 Nbd7 8. Nc3
Nf6 9. b3 Qa5 10. Bd2 Qc7 11. O-O Bd7 12. Nh5 Nxh5 13. Bxh5 Be7 14. f4 Ng6 15.
Ne4 f5 16. Ng3 Bf6 17. Rc1 O-O 18. Bb4 c5 19. Bc3 Nh4 20. Rf2 Bc6 21. Qd3 Bxc3
22. Qxc3 b6 23. Rd1 Rad8 24. Be2 Qb7 25. Bf1 Rf6 26. Qc2 Re8 27. Bd3 Rg6 28. Bxf5
Nxf5 29. Qxf5 Rxe3 30. Qc2 Qe7 31. Qd2 Rge6 32. Rdf1 Qf6 33. Rd1 Qe7 34. Rdf1
Qf6 35. Rd1 Qe7 1/2-1/2

[Event "Druzynowe Mistrzostwa Polski - II liga"]
[Site "Dom Wczasowy VIS Jastrzebia Gora"]
[Date "1899-12-30"]
[Round "2.95"]
[White "Antoniewicz, Jakub"]
[Black "Hemmerling, Jaroslaw"]
[Result "1/2-1/2"]
[WhiteTitle "I"]
[BlackTitle "I++"]
[WhiteElo "1928"]
[BlackElo "1855"]

1. e4 c6 2. c4 d6 3. d4 Nf6 4. Nc3 g6 5. Bf4 Bg7 6. Qd2 Qa5 7. Nf3 Bg4 8. Be2 Bxf3
9. Bxf3 Nbd7 10. O-O O-O 11. Rab1 e5 12. b4 Qa6 13. b5 cxb5 14. cxb5 Qa5 15. dxe5
dxe5 16. Be3 Rfd8 17. Rfd1 Nc5 18. Nd5 Qxd2 19. Nxf6+ Bxf6 20. Rxd2 Rxd2 21. Bxd2
Ne6 22. Be2 Nd4 23. Kf1 Rc8 24. Rc1 Rxc1+ 25. Bxc1 Nxe2 26. Kxe2 Kf8 27. Kd3 Ke7
28. Be3 a6 29. Kc4 Kd6 30. Bc5+ Ke6 31. bxa6 bxa6 32. Bb6 Be7 33. g3 Bd6 34. a4
h5 35. h3 Be7 36. f3 Bd6 37. Bc5 Bc7 38. Bf8 Bb6 39. Bc5 Bc7 40. Bb4 Bb6 41. Bc5
1/2-1/2

[Event "Druzynowe Mistrzostwa Polski - II liga"]
[Site "Dom Wczasowy VIS Jastrzebia Gora"]
[Date "1899-12-30"]
[Round "2.96"]
[White "Kostecka, Marika"]
[Black "Leczek, Weronika"]
[Result "1/2-1/2"]
[WhiteTitle "WCM"]
[BlackTitle "k"]
[WhiteElo "1868"]
[BlackElo "1900"]

1. e4 c5 2. Nf3 d6 3. d4 cxd4 4. Nxd4 Nf6 5. Nc3 g6 6. f3 Bg7 7. Be3 Nc6 8. Qd2
O-O 9. g4 Be6 10. Nxe6 fxe6 11. O-O-O Ne5 12. Be2 Qc8 13. Kb1 Nfd7 14. Bd4 Nxf3
15. Bxf3 Bxd4 16. Qxd4 Rxf3 17. h4 Qc5 18. Qxc5 Nxc5 19. e5 d5 20. Nb5 Rf4 21.
Rd4 Raf8 22. c3 a6 23. Na3 Rf1+ 24. Rxf1 Rxf1+ 25. Kc2 Rf2+ 26. Kc1 Re2 27. c4
Rxe5 28. b4 Nd7 29. Nc2 Nb6 30. c5 Nc4 31. a4 h5 32. b5 axb5 33. axb5 Kf7 34.
Kb1 Ke8 35. Kc1 Kd7 36. g5 Rf5 37. Kb1 Rf2 38. Rd3 Rf4 39. Rh3 Nd2+ 40. Kb2 Nf3
41. c6+ bxc6 42. bxc6+ Kxc6 43. Rxf3 Rxh4 44. Rf7 Rg4 45. Rxe7 Kd6 46. Re8 Rxg5
47. Nd4 e5 48. Nf3 Rg2+ 49. Kc1 e4 50. Nd4 h4 51. Rh8 g5 52. Nc2 Ke5 53. Kd1 Rg3
54. Ke2 h3 55. Ne3 Rf3 56. Rh5 Kd4 57. Nc2+ Kc3 58. Ne1 Rg3 59. Kf2 Rg4 60. Rxh3+
Kd2 61. Ng2 d4 62. Ra3 d3 63. Ra2+ Kc1 64. Ne3 Rf4+ 65. Ke1 Rf3 66. Nc4 e3 67.
Rg2 e2 68. Nd2 Rh3 69. Rg1 g4 70. Nb3+ Kb2 71. Nd4 Re3 72. Kd2 Re4 73. Nf5 Re5
74. Ne3 Re8 75. Kxd3 1/2-1/2

[Event "Druzynowe Mistrzostwa Polski - II liga"]
[Site "Dom Wczasowy VIS Jastrzebia Gora"]
[Date "1899-12-30"]
[Round "2.97"]
[White "Nowak, Kamil"]
[Black "Litner, Igor"]
[Result "1-0"]
[WhiteTitle "m"]
[BlackTitle "I++"]
[WhiteElo "2275"]
[BlackElo "1978"]

1. e4 d6 2. d4 Nf6 3. Nc3 e5 4. Nf3 Nbd7 5. g4 Nxg4 6. Rg1 Ndf6 7. h3 exd4 8. Nxd4
Ne5 9. f4 Nc6 10. Be3 g6 11. Qf3 Bg7 12. O-O-O Nxd4 13. Bxd4 Nh5 14. Bxg7 Nxg7
15. f5 g5 16. h4 h6 17. hxg5 hxg5 18. Rh1 Rh4 19. Bc4 c6 20. Rxh4 gxh4 21. Qf4
b5 22. Rxd6 Qe7 23. Nxb5 Bxf5 24. exf5 Nxf5 25. Qxf5 cxb5 26. Bxf7+ 1-0

[Event "Druzynowe Mistrzostwa Polski - II liga"]
[Site "Dom Wczasowy VIS Jastrzebia Gora"]
[Date "1899-12-30"]
[Round "2.98"]
[White "Szewczyk, Mariusz"]
[Black "Daniel, Damian"]
[Result "1-0"]
[WhiteTitle "k"]
[BlackTitle "CM"]
[WhiteElo "2058"]
[BlackElo "2163"]

1. d4 f5 2. Nc3 d5 3. Nf3 Nf6 4. Bg5 Nbd7 5. e3 e6 6. Be2 Be7 7. O-O O-O 8. Ne5
h6 9. Bxf6 Rxf6 10. f4 Nxe5 11. fxe5 Rf8 12. Bd3 Bd7 13. Ne2 Be8 14. Nf4 Bf7 15.
g4 g5 16. Nxe6 Bxe6 17. gxf5 Bf7 18. f6 Bd6 19. Qf3 Qd7 20. exd6 cxd6 21. Bf5
Qe8 22. Rae1 Be6 23. e4 Bxf5 24. exd5 Qa4 25. Qxf5 Qxd4+ 26. Kh1 Qh4 27. Qg6+
Kh8 28. Qg7# 1-0

[Event "Druzynowe Mistrzostwa Polski - II liga"]
[Site "Dom Wczasowy VIS Jastrzebia Gora"]
[Date "1899-12-30"]
[Round "2.99"]
[White "Stankiewicz, Pawel"]
[Black "Fronczak, Sebastian"]
[Result "0-1"]
[WhiteTitle "k"]
[BlackTitle "I"]
[WhiteElo "2101"]
[BlackElo "1936"]

1. e4 e5 2. Nf3 Nf6 3. Nxe5 d6 4. Nf3 Nxe4 5. Nc3 Nxc3 6. dxc3 Nc6 7. Be3 Be7 8.
Qd2 Be6 9. O-O-O Qd7 10. Kb1 a6 11. h4 O-O-O 12. Nd4 Nxd4 13. Qxd4 Bf6 14. Qa7
Qc6 15. Be2 Qxg2 16. Rhg1 Qc6 17. Rg3 Kd7 18. Bf3 Qc4 19. b3 Qxc3 20. Bd4 Bxd4
21. Rxd4 Ra8 22. Qxb7 Qxd4 23. Bc6+ Ke7 24. Qxc7+ Kf6 25. Rd3 Ra7 26. Qa5 Qc5
27. Qd2 h6 28. Rxd6 Ke7 29. Rd4 Qxc6 30. Qb4+ Kf6 31. h5 Rd7 32. Rf4+ Bf5 0-1

[Event "Druzynowe Mistrzostwa Polski - II liga"]
[Site "Dom Wczasowy VIS Jastrzebia Gora"]
[Date "1899-12-30"]
[Round "2.100"]
[White "Rzeszowski, Dominik"]
[Black "Borowski, Przemyslaw"]
[Result "1-0"]
[WhiteTitle "I++"]
[BlackTitle "I"]
[WhiteElo "1855"]
[BlackElo "1889"]

1. e4 c5 2. c3 g6 3. d4 Bg7 4. Nf3 cxd4 5. cxd4 Nf6 6. Nc3 d6 7. h3 O-O 8. Bd3
Nc6 9. Bg5 Qa5 10. Qd2 a6 11. O-O b5 12. e5 dxe5 13. dxe5 b4 14. exf6 exf6 15.
Be3 bxc3 16. Qxc3 Qxc3 17. bxc3 f5 18. Rab1 Be6 19. c4 Rab8 20. Bf4 Rb4 21. Bd6
Rxb1 22. Rxb1 Rd8 23. c5 a5 24. Rb6 Nb4 25. Ba6 Nxa2 26. Bc7 Rd1+ 27. Kh2 Bc3
28. c6 a4 29. Bf4 Kg7 30. c7 Bd7 31. Ne5 Bc8 32. Bxc8 Ba5 33. Rc6 Nb4 34. Bb7
Bxc7 35. Rxc7 1-0

[Event "Druzynowe Mistrzostwa Polski - II liga"]
[Site "Dom Wczasowy VIS Jastrzebia Gora"]
[Date "1899-12-30"]
[Round "2.101"]
[White "Reichel, Lukasz"]
[Black "Powalka, Michal"]
[Result "1/2-1/2"]
[WhiteTitle "I"]
[BlackTitle "I++"]
[WhiteElo "1887"]
[BlackElo "1986"]

1. e4 e5 2. Nf3 Nc6 3. Bb5 a6 4. Ba4 Nf6 5. d3 b5 6. Bb3 Be7 7. O-O d6 8. c3 O-O
9. Re1 Re8 10. Ng5 Rf8 11. Nf3 Na5 12. Bc2 c5 13. Nbd2 Re8 14. a4 Bb7 15. Nf1
Bf8 16. Bg5 Be7 17. Ng3 h6 18. Bd2 c4 19. d4 Qc7 20. h3 Nd7 21. Be3 Rad8 22. d5
Rb8 23. axb5 axb5 24. Nd2 Bc8 25. Qe2 Bd8 26. Ra2 Nc5 27. Rea1 Nab7 28. Ra7 Bd7
29. Qh5 Bf6 30. Nf3 Qd8 31. Nh2 Bg5 32. Bxg5 Qxg5 33. Qxg5 hxg5 34. Kf1 g6 35.
Ke2 Kg7 36. f3 f5 37. exf5 gxf5 38. Nxf5+ Bxf5 39. Bxf5 e4 40. fxe4 Nxe4 41. Be6
Nec5 42. Nf3 Nxe6 43. dxe6 Rxe6+ 44. Kd2 Kg6 45. Nd4 Rf6 46. Nc6 Re8 47. Re1 Rxe1
48. Kxe1 Re6+ 49. Kd1 Nc5 50. Nd4 Rf6 51. Nxb5 Nd3 52. Ra6 g4 53. hxg4 Kg5 54.
Rxd6 Rf1+ 55. Ke2 Rf2+ 56. Ke3 Rxb2 57. Rd5+ Kxg4 58. Rd4+ Kg3 59. Rxc4 Nf2 60.
Rb4 Nd1+ 61. Kd4 Rd2+ 62. Kc5 Nxc3 63. Nxc3 Kxg2 64. Rf4 Kg3 65. Rf8 Kg4 66. Ne4
Ra2 67. Kd4 Ra4+ 68. Kd5 Ra5+ 69. Nc5 Ra1 70. Kd4 Ra2 71. Nd3 Ra4+ 72. Ke3 Kg5
73. Nc5 Rb4 74. Ne4+ Kg6 75. Kf4 Rb5 76. Rf6+ Kg7 77. Ra6 Rb4 78. Rc6 Ra4 79.
Kf5 Ra1 80. Rg6+ Kf7 81. Ng5+ Ke7 82. Re6+ Kd7 83. Rb6 Ra5+ 84. Kf6 Kc7 85. Re6
Ra1 86. Ke7 Rd1 87. Nf7 Rd7+ 88. Ke8 Rd1 89. Ne5 Kb7 90. Nd7 Rh1 91. Ke7 Rh2 92.
Nc5+ Kc7 93. Na6+ Kb7 94. Kd7 Rh7+ 95. Re7 Rxe7+ 96. Kxe7 1/2-1/2

[Event "Druzynowe Mistrzostwa Polski - II liga"]
[Site "Dom Wczasowy VIS Jastrzebia Gora"]
[Date "1899-12-30"]
[Round "2.102"]
[White "Bebnik, Malgorzata"]
[Black "Czaplewska, Klara"]
[Result "0-1"]
[WhiteTitle "I++"]
[BlackTitle "k+"]
[WhiteElo "1846"]
[BlackElo "1866"]

1. e4 d6 2. d4 Nf6 3. Nc3 Nbd7 4. Be3 e5 5. d5 Nc5 6. Bxc5 dxc5 7. Nf3 Bd6 8. h3
O-O 9. g4 a6 10. a4 Bd7 11. Nh2 c6 12. g5 Ne8 13. h4 Nc7 14. dxc6 Bxc6 15. Bc4
Qe7 16. Qh5 b5 17. Bd5 Nxd5 18. Nxd5 Bxd5 19. exd5 Qb7 20. O-O-O bxa4 21. Ng4
Rab8 22. b3 axb3 23. Nf6+ gxf6 24. gxf6 Kh8 25. Qh6 Rg8 26. Rdg1 bxc2 27. Rxg8+
Rxg8 28. Kxc2 Qxd5 29. Rd1 Qc4+ 30. Kd2 Qf4+ 0-1

[Event "Druzynowe Mistrzostwa Polski - II liga"]
[Site "Dom Wczasowy VIS Jastrzebia Gora"]
[Date "1899-12-30"]
[Round "2.103"]
[White "Madej, Jaroslaw"]
[Black "Kozlowski, Waldemar"]
[Result "1/2-1/2"]
[WhiteTitle "I+"]
[BlackTitle "FM"]
[WhiteElo "2029"]
[BlackElo "2182"]

1. d4 Nf6 2. Bf4 c5 3. e3 Qb6 4. Nc3 d6 5. Bb5+ Bd7 6. Bxd7+ Nbxd7 7. Nge2 g6 8.
h3 Bg7 9. O-O O-O 10. Rb1 Rac8 11. Bh2 cxd4 12. exd4 Qa5 13. Bf4 b5 14. a3 Nb6
15. Na2 Nc4 16. c3 Qb6 17. Bc1 Nd5 18. Re1 Qb7 19. Nb4 Ncb6 20. Nxd5 Nxd5 21.
Nf4 Nxf4 22. Bxf4 a5 23. Bg5 e6 24. Qd3 d5 25. h4 b4 26. axb4 axb4 27. h5 Rc4
28. Bd2 bxc3 29. bxc3 Qa7 30. Rb3 Rb8 31. Rxb8+ Qxb8 32. Rb1 Qd8 33. Qg3 Bf8 34.
Rb8 Rc8 35. Rb7 Qf6 36. Qg4 Bd6 37. g3 Rb8 38. Rd7 Rb2 39. Be3 Bf8 40. Rc7 Rb8
1/2-1/2

[Event "Druzynowe Mistrzostwa Polski - II liga"]
[Site "Dom Wczasowy VIS Jastrzebia Gora"]
[Date "1899-12-30"]
[Round "2.104"]
[White "Krzywicki, Dariusz"]
[Black "Stanek, Piotr"]
[Result "1-0"]
[WhiteTitle "m"]
[BlackTitle "I"]
[WhiteElo "2110"]
[BlackElo "2020"]

1. Nf3 Nf6 2. g3 g6 3. Bg2 Bg7 4. c4 d6 5. Nc3 O-O 6. O-O Nbd7 7. d3 c5 8. a3 Rb8
9. Bg5 a6 10. b4 b5 11. cxb5 axb5 12. Rb1 cxb4 13. axb4 Bb7 14. Qd2 Ng4 15. h3
Nge5 16. Nxe5 Nxe5 17. Nd5 f6 18. Bh6 e6 19. Bxg7 Kxg7 20. Nf4 Qd7 21. Bxb7 Rxb7
22. Rfc1 Nf7 23. Qb2 e5 24. Nd5 Qxh3 25. Rc6 h5 26. Qd2 h4 27. Qe3 Rh8 28. g4
Qxg4+ 29. Kh2 Qe6 30. Nc7 Qd7 31. Rbc1 Nd8 32. R6c2 Rf8 33. Qf3 Rf7 34. Nd5 Ne6
35. Rc8 Ng5 36. Qg2 h3 37. Qg3 e4 38. Qh4 Nh7 39. Qxe4 Rf8 40. R8c7 1-0

[Event "Druzynowe Mistrzostwa Polski - II liga"]
[Site "Dom Wczasowy VIS Jastrzebia Gora"]
[Date "1899-12-30"]
[Round "2.106"]
[White "Kitewski, Bartosz"]
[Black "Deren, Marcin"]
[Result "1-0"]
[WhiteTitle "I++"]
[BlackTitle "I"]
[WhiteElo "1993"]
[BlackElo "1922"]

1. d4 d5 2. c4 e6 3. Nc3 Nf6 4. cxd5 exd5 5. Bg5 Be7 6. e3 O-O 7. Bd3 Nbd7 8. Nge2
Re8 9. O-O Nf8 10. Qb3 c6 11. f3 Ne6 12. Bh4 Qb6 13. Qc2 h6 14. Rad1 Qc7 15. Qd2
Bd6 16. h3 Nh5 17. Bf2 Ng3 18. Rfe1 Nxe2+ 19. Nxe2 Bd7 20. Bb1 Rad8 21. Qc2 Nf8
22. e4 g6 23. Qd2 Kg7 24. Be3 h5 25. e5 Be7 26. Bh6+ Kg8 27. Bg5 Bc8 28. Ng3 Ne6
29. h4 Nxg5 30. hxg5 Bf8 31. f4 Bg4 32. Rc1 Qb6 33. a3 Bg7 34. f5 Bxe5 35. Rxe5
Rxe5 36. fxg6 fxg6 37. Bxg6 Rf8 38. Bxh5 Bxh5 39. Nxh5 Ref5 40. Re1 Qc7 41. Nf6+
Kf7 42. Qe2 Rxg5 43. Nh7 Rgg8 44. Rf1+ 1-0

[Event "Druzynowe Mistrzostwa Polski - II liga"]
[Site "Dom Wczasowy VIS Jastrzebia Gora"]
[Date "1899-12-30"]
[Round "2.107"]
[White "Jajte-pachota, Jerzy"]
[Black "Kaznowska, Weronika"]
[Result "1-0"]
[WhiteTitle "II"]
[BlackTitle "I++"]
[WhiteElo "1817"]
[BlackElo "1535"]

1. e4 c6 2. d4 d5 3. exd5 cxd5 4. Bd3 Nc6 5. Ne2 Bg4 6. O-O e6 7. c3 Bd6 8. f3
Bh5 9. Bf4 Nge7 10. Bxd6 Qxd6 11. Na3 a6 12. Nc2 Bg6 13. Ng3 Rc8 14. f4 Bxd3 15.
Qxd3 g6 16. Rae1 O-O 17. Qf3 Na5 18. Ne3 Nc4 19. Qg4 Nxe3 20. Rxe3 Nf5 21. Nxf5
exf5 22. Qh4 Rce8 23. Rfe1 Re4 24. Rxe4 fxe4 25. f5 gxf5 26. Rf1 Qe6 27. Qg5+
Kh8 28. Qxf5 Qd6 29. Qf6+ Qxf6 30. Rxf6 Kg7 31. Rd6 f5 32. Rxd5 Rf7 33. Rd6 Re7
34. g3 h5 35. Kf2 e3+ 36. Ke2 h4 37. Rd5 Kf6 38. Re5 hxg3 39. hxg3 Rh7 40. Kxe3
Rh2 41. b4 Rxa2 42. Kd3 Rh2 43. Re3 Rh7 44. d5 Rc7 45. Kd4 Rd7 46. c4 Kf7 47.
c5 Kf6 48. Rf3 Re7 49. Re3 Rd7 50. d6 Rg7 51. Kd5 Rg4 52. d7 1-0

[Event "Druzynowe Mistrzostwa Polski - II liga"]
[Site "Dom Wczasowy VIS Jastrzebia Gora"]
[Date "1899-12-30"]
[Round "2.108"]
[White "Krysztopa-czuprynska, Barbara"]
[Black "Barczyk-telejko, Joanna"]
[Result "1/2-1/2"]
[WhiteTitle "I"]
[BlackTitle "I+"]
[WhiteElo "1636"]
[BlackElo "1829"]

1. e4 c5 2. Nc3 e6 3. f4 a6 4. Nf3 Nc6 5. d3 Nge7 6. Be3 d6 7. Be2 Ng6 8. O-O Be7
9. d4 cxd4 10. Nxd4 O-O 11. f5 Nxd4 12. Bxd4 Ne5 13. Bd3 Bf6 14. Qe2 Bd7 15. Rad1
Rc8 16. Kh1 Re8 17. Qh5 Qa5 18. fxe6 fxe6 19. Rf2 Rf8 20. Be3 Be8 21. Qh3 Bd7
22. Qh5 Qd8 23. Rdf1 Qe7 24. Qd1 b5 25. a3 Bc6 26. Qh5 Be8 1/2-1/2

[Event "Druzynowe Mistrzostwa Polski - II liga"]
[Site "Dom Wczasowy VIS Jastrzebia Gora"]
[Date "1899-12-30"]
[Round "2.109"]
[White "Stanisz, Patryk"]
[Black "Mrozowski, Patryk"]
[Result "1/2-1/2"]
[WhiteTitle "CM"]
[BlackTitle "I++"]
[WhiteElo "2199"]
[BlackElo "2116"]

1. d4 d5 2. Nc3 Nf6 3. Bf4 Bd7 4. e3 e6 5. Nb5 Bxb5 6. Bxb5+ c6 7. Bd3 Bd6 8. Bg5
Nbd7 9. Nf3 e5 10. Bf5 Qa5+ 11. Qd2 Qxd2+ 12. Nxd2 h6 13. Bh4 g6 14. Bxd7+ Nxd7
15. dxe5 Bxe5 16. O-O-O O-O 17. c4 Nb6 18. cxd5 Nxd5 19. Nc4 Rfe8 20. Bg3 Bxg3
21. hxg3 Kg7 22. Rd4 Re7 23. Rhd1 Rae8 24. e4 Nf6 25. f3 Rc8 26. g4 Rcc7 27. Rd8
b6 28. Nd6 Kh7 29. Nc4 Kg7 30. Ra8 Rcd7 31. Nd6 Re6 32. Nc4 Rxd1+ 33. Kxd1 Re7
34. b4 h5 35. gxh5 Nxh5 36. Rc8 Nf4 37. Rxc6 Nxg2 38. a4 Rd7+ 39. Nd6 Kf6 40.
Ke2 Ke5 41. Nc4+ Kd4 42. b5 Nf4+ 43. Kd2 Ne6 44. Rd6+ Rxd6 45. Nxd6 f6 46. Nc8
Nc5 47. Nxa7 Nxa4 1/2-1/2

[Event "Druzynowe Mistrzostwa Polski - II liga"]
[Site "Dom Wczasowy VIS Jastrzebia Gora"]
[Date "1899-12-30"]
[Round "2.110"]
[White "Kopczyk, Daniel"]
[Black "Szmyd, Arkadiusz"]
[Result "1-0"]
[WhiteTitle "k+"]
[BlackTitle "k"]
[WhiteElo "2167"]
[BlackElo "2073"]

1. d4 Nf6 2. Nf3 d5 3. e3 e6 4. Bd3 Be7 5. O-O O-O 6. Nbd2 b6 7. Ne5 Bb7 8. b3
c5 9. Bb2 Nc6 10. f4 Rc8 11. a3 Nd7 12. Nxd7 Qxd7 13. dxc5 f5 14. cxb6 axb6 15.
Nf3 Bf6 16. Bxf6 Rxf6 17. b4 Qc7 18. Qd2 g6 19. Qc3 Rff8 20. Rab1 Rfe8 21. Qb2
Nd8 22. Qe5 Qd7 23. Nd4 Qe7 24. Nb5 Nf7 25. Qd4 Qd8 26. a4 e5 27. fxe5 Nxe5 28.
a5 bxa5 29. bxa5 Ba6 30. Na7 Nc6 31. Nxc6 Rxc6 32. Bxa6 Rxa6 33. Rb7 Qf6 34. Qxd5+
Qe6 35. Rd1 Qxd5 36. Rxd5 Rc6 37. Rdd7 h5 38. Rg7+ Kh8 39. Rh7+ Kg8 40. Rbg7+
Kf8 41. Ra7 Kg8 42. Rhc7 Rxc7 43. Rxc7 Ra8 44. Rc5 Kf7 45. Kf2 Ke6 46. Ke2 h4
47. Kd3 g5 48. Kc4 Rd8 49. a6 h3 50. gxh3 f4 51. exf4 gxf4 52. a7 f3 53. Ra5 f2
54. Ra1 Ra8 55. Rf1 Rxa7 56. Rxf2 Rc7+ 57. Kd4 Rd7+ 58. Ke4 Rc7 59. Rd2 Rc3 60.
Kd4 Rxh3 61. Kc4 Rh8 62. c3 Rc8+ 63. Kb3 Rb8+ 64. Kc2 Ra8 65. c4 Ra3 66. h4 Rh3
67. Rd4 Ke5 68. Rd5+ Ke6 69. h5 Ke7 70. Kd2 Ke6 71. Rg5 Kd6 72. c5+ Ke6 73. c6
Ke7 74. c7 1-0

[Event "Druzynowe Mistrzostwa Polski - II liga"]
[Site "Dom Wczasowy VIS Jastrzebia Gora"]
[Date "1899-12-30"]
[Round "2.111"]
[White "Kaminski, Piotr"]
[Black "Dzwierzynski, Bartosz"]
[Result "1/2-1/2"]
[WhiteTitle "k"]
[BlackTitle "I+"]
[WhiteElo "2037"]
[BlackElo "2089"]

1. d4 Nf6 2. c4 g6 3. Nc3 d5 4. Bf4 Bg7 5. e3 O-O 6. cxd5 Nxd5 7. Nxd5 Qxd5 8.
Bxc7 Bf5 9. Ne2 Na6 10. Nc3 Qc6 11. Bg3 Rfd8 12. Rc1 Rac8 13. Qb3 e5 14. d5 Rxd5
15. Bxa6 bxa6 16. O-O Rd2 17. h3 Be6 18. Qb4 Qb6 19. Qxb6 axb6 20. b3 h6 21. e4
b5 22. f3 b4 23. Na4 Rcc2 24. Rxc2 Rxc2 25. Rf2 Rc1+ 26. Kh2 Rc6 1/2-1/2

[Event "Druzynowe Mistrzostwa Polski - II liga"]
[Site "Dom Wczasowy VIS Jastrzebia Gora"]
[Date "1899-12-30"]
[Round "2.112"]
[White "Palacki, Rafal"]
[Black "Zawierucha, Aleksander"]
[Result "1-0"]
[WhiteTitle "I"]
[BlackTitle "k"]
[WhiteElo "1860"]
[BlackElo "1946"]

1. e4 Nf6 2. e5 Nd5 3. d4 d6 4. Nf3 Bg4 5. Be2 e6 6. O-O Be7 7. c4 Nb6 8. exd6
cxd6 9. Nc3 O-O 10. h3 Bh5 11. d5 e5 12. Nd2 Bxe2 13. Qxe2 f5 14. b3 N8d7 15.
Ba3 a6 16. Rad1 Qc7 17. f4 Bf6 18. Nf3 Rae8 19. Qc2 e4 20. Nd4 Nc5 21. Nce2 Bxd4+
22. Nxd4 Rf6 23. Kh1 Nd3 24. Qe2 Qd7 25. Ne6 Nc8 26. Bb2 Rg6 27. Bd4 Qe7 28. Qh5
Rxe6 29. dxe6 Qxe6 30. Qg5 Qf7 31. Rd2 Ne7 32. Re2 Nc6 33. Ba1 Re6 34. Qg3 Rg6
35. Qe3 Rh6 36. Kh2 Qh5 37. Rd2 Qf7 38. Rfd1 Rg6 39. Re2 h6 40. Bc3 Kh7 41. Rf1
h5 42. Qd2 Qe7 43. Rf3 Qh4 44. g3 Qd8 45. Rxd3 exd3 46. Qxd3 Qf8 47. h4 Qf7 48.
Qf3 Kh6 49. Qd5 Qf8 50. b4 Qc8 51. Qf7 Nd8 52. Qg8 Qd7 53. Qh8# 1-0

[Event "Druzynowe Mistrzostwa Polski - II liga"]
[Site "Dom Wczasowy VIS Jastrzebia Gora"]
[Date "1899-12-30"]
[Round "2.113"]
[White "Boruta, Dawid"]
[Black "Skladanowski, Adam"]
[Result "1/2-1/2"]
[WhiteTitle "I"]
[BlackTitle "I++"]
[WhiteElo "1912"]
[BlackElo "1774"]

1. f4 d5 2. Nf3 g6 3. c4 c6 4. d4 Nf6 5. e3 Bg4 6. Be2 Bg7 7. Nc3 O-O 8. h3 Bf5
9. g4 Be4 10. g5 Nh5 11. Nxe4 dxe4 12. Nd2 Ng3 13. Rg1 Nxe2 14. Kxe2 c5 15. d5
b5 16. Nxe4 bxc4 17. Nc3 Qc8 18. Rg3 Na6 19. a3 Bxc3 20. bxc3 Qf5 21. Kf3 Rab8
22. e4 Qd7 23. Qe2 Qa4 24. Kg2 Rb6 25. f5 Nc7 26. Bf4 Rfb8 27. Ra2 R8b7 28. Bxc7
Rxc7 29. Rf3 Rb1 30. f6 Rcb7 31. e5 Qd1 32. Qxd1 Rxd1 33. e6 Rxd5 34. exf7+ Kf8
35. h4 exf6 36. Rxf6 Rf5 37. Rxf5 gxf5 38. Kf3 Rb1 39. Rf2 Kxf7 40. Kf4 Rh1 41.
Kxf5 Rxh4 42. Rb2 Rh3 43. Rb7+ 1/2-1/2